5HLuxD.jpg

KING HENRY VIII SENIOR AND PRIMARY SCHOOL LIBRARY OPAC

MY FIRST PICTURE DICTIONARY (Record no. 4470)

000 -LEADER
fixed length control field 00858nam a22002297a 4500
005 - DATE AND TIME OF LATEST TRANSACTION
control field 20251009101323.0
008 - FIXED-LENGTH DATA ELEMENTS--GENERAL INFORMATION
fixed length control field 250225b ||||| |||| 00| 0 eng d
020 ## - INTERNATIONAL STANDARD BOOK NUMBER
International Standard Book Number 9781474847421
040 ## - CATALOGING SOURCE
Transcribing agency KH8
082 ## - DEWEY DECIMAL CLASSIFICATION NUMBER
Classification number 423 ABB
100 ## - MAIN ENTRY--PERSONAL NAME
Personal name ABBOTT,SIMON
Relator term ILLUSTRATOR
245 ## - TITLE STATEMENT
Title MY FIRST PICTURE DICTIONARY
260 ## - PUBLICATION, DISTRIBUTION, ETC.
Place of publication, distribution, etc. CHARTIST HOUSE 15-17 TRIM STREET,BATH BA1 1HA,UK
Name of publisher, distributor, etc. PARRAGON BOOKS LTD
Date of publication, distribution, etc. 2016
300 ## - PHYSICAL DESCRIPTION
Extent 128 pages
Other physical details colour illustrations
Dimensions 27 cm x 21 cm x 1 cm
500 ## - GENERAL NOTE
General note “Includes 100 gold star reward stickers.”
520 ## - SUMMARY, ETC.
Summary, etc. “Introduces simple vocabulary with definitions, example sentences, and illustrations.”
650 ## - SUBJECT ADDED ENTRY--TOPICAL TERM
Source of heading or term English language
Topical term or geographic name entry element Juvenile literature
650 ## - SUBJECT ADDED ENTRY--TOPICAL TERM
Source of heading or term Picture dictionaries
Topical term or geographic name entry element Juvenile literature
655 ## - INDEX TERM--GENRE/FORM
Genre/form data or focus term Illustrated dictionaries
700 ## - ADDED ENTRY--PERSONAL NAME
Personal name Abbott, Simon
Relator term Illustrator
942 ## - ADDED ENTRY ELEMENTS (KOHA)
Source of classification or shelving scheme
Koha item type Books - Non Ficton
Holdings
Withdrawn status Lost status Source of classification or shelving scheme Damaged status Not for loan Collection code Permanent Location Current Location Shelving location Date acquired Full call number Barcode Date last seen Price effective from Koha item type Public note
          Non-Fiction KH8 Primary School Library KH8 Primary School Library Non Fiction 2025-02-25 423 ABB KHPL000006223 2025-02-25 2025-02-25 Books - Non Ficton KH8 PRIMARY LIBRARY

Powered By KH8 IT Dept